Les buteurs de l'Autriche au Championnat d'Europe de football 2024 - Statistiques

Statistiques générales
  • Ce quiz a été pris 4 fois
    2 depuis la dernière actualisation
  • Le résultat moyen est 4 sur 6
Statistiques - réponses
Match Minute Buteur % Correct
Pays-Bas - Autriche 2-3 80' Marcel Sabitzer
100%
Pologne - Autriche 1-3 78' Marko Arnautović
100%
Autriche - Turquie 1-2 66' Michael Gregoritsch
100%
Pologne - Autriche 1-3 9' Gernot Trauner
50%
Pologne - Autriche 1-3 66' Christoph Baumgartner
0%
Pays-Bas - Autriche 2-3 59' Romano Schmid
0%
Aucun quiz correspondant
Distribution des résultats
% des personnes avec chaque résultat
Percentile par nombre de réponses
Votre historique - résultats
Vous n’avez pas pris ce quiz depuis la dernière actualisation